| 000 | 00506nam a2200193 a 4500 | ||
|---|---|---|---|
| 001 | 33396 | ||
| 005 | 20180714001312.0 | ||
| 008 | 140415s1995 ag 000 0 spa d | ||
| 020 | _a9504367275 | ||
| 041 | _aspa | ||
| 082 |
_a808.815 _bDAN |
||
| 100 | 1 | _aDANDRETA, JUAN CARLOS | |
| 245 | 1 | 0 | _aPOEMAS PARA ESPERARLO |
| 250 | _a1a ed. | ||
| 260 |
_aARGENTINA : _bALTEA, _c1995 |
||
| 300 | _a75 | ||
| 650 | 1 | 4 |
_aPOESIA RELIGIOSA _xRELIGION _xPOESIA |
| 700 | 1 |
_aCASIELLO, BEATRIZ _eprĂ³l. |
|
| 999 |
_c33396 _d33396 |
||